[Event "Montreal Mercredi 04"]
[Site "Montreal CAN"]
[Date "2017.02.01"]
[Round "5"]
[White "Gauthier, Luc"]
[Black "Baran, Marius"]
[Result "0-1"]
[WhiteElo "1754"]
[BlackElo "1779"]
[WhiteFideId "-1"]
[WhiteFideId "-1"]
[PlyCount "56"]
[GameId "2160767908475129"]
[EventDate "2017.01.04"]
[EventType "swiss"]
[EventRounds "5"]
[EventCountry "CAN"]
[SourceTitle "EXT 2022"]
[Source "ChessBase"]
[SourceDate "2021.10.06"]
[SourceVersion "1"]
[SourceVersionDate "2021.10.06"]
[SourceQuality "1"]

1. e4 e5 2. Nc3 Nc6 3. f4 exf4 4. Nf3 g5 5. h4 g4 6. Ng5 h6 7. Nxf7 Kxf7 8. d4 d6 9. Bc4+ Ke8 10. Bxf4 Bg7 11. Ne2 Nge7 12. Qd3 Rf8 13. O-O-O Na5 14. Rhf1 d5 15. exd5 Bf5 16. Qg3 Nxc4 17. Bxc7 Qd7 18. d6 Nd5 19. Rde1 Nce3 20. Nf4 Kf7 21. Rxe3 Nxe3 22. Qxe3 Kg8 23. Qb3+ Kh8 24. Qxb7 Rae8 25. Qxa7 Qc6 26. Qc5 Qe4 27. Bb6 Rc8 28. Ng6+ Bxg6 0-1

[Event "Montreal Mercredi 04"]
[Site "Montreal CAN"]
[Date "2017.02.01"]
[Round "5"]
[White "Huang, Qiuyu"]
[Black "Tremblay, Alain"]
[Result "0-1"]
[WhiteElo "2165"]
[BlackElo "2158"]
[WhiteFideId "-1"]
[WhiteFideId "-1"]
[PlyCount "82"]
[GameId "2160767908475130"]
[EventDate "2017.01.04"]
[EventType "swiss"]
[EventRounds "5"]
[EventCountry "CAN"]
[SourceTitle "EXT 2022"]
[Source "ChessBase"]
[SourceDate "2021.10.06"]
[SourceVersion "1"]
[SourceVersionDate "2021.10.06"]
[SourceQuality "1"]

1. e4 c5 2. Nf3 e6 3. d4 cxd4 4. Nxd4 Bc5 5. Nb3 Bb6 6. Bd3 Ne7 7. Qe2 O-O 8. O-O Nbc6 9. c4 f5 10. Bg5 Qe8 11. Nc3 f4 12. c5 f3 13. gxf3 Bc7 14. f4 Ng6 15. f5 Nge5 16. Nb5 Bb8 17. f4 Nxd3 18. Qxd3 h6 19. Bh4 Qh5 20. Bg3 exf5 21. e5 b6 22. Rac1 Ba6 23. a4 Qf7 24. Rfd1 Bc8 25. Bf2 a6 26. Na3 b5 27. axb5 axb5 28. Nxb5 g5 29. Qg3 Kh7 30. Nd6 gxf4 31. Qh3 Qg7+ 32. Kh1 Bxd6 33. cxd6 Nxe5 34. Nc5 Ra5 35. Qb3 Ng4 36. Bd4 Qg6 37. Qd5 Qh5 38. Rd2 Rg8 39. Re1 Ne3 40. Bxe3 fxe3 41. Rxe3 Ra1+ 0-1

[Event "Montreal Mercredi 04"]
[Site "Montreal CAN"]
[Date "2017.02.01"]
[Round "5"]
[White "Jean, Robert"]
[Black "Brassard, Sylvain"]
[Result "1/2-1/2"]
[WhiteElo "1802"]
[BlackElo "1881"]
[WhiteFideId "-1"]
[WhiteFideId "-1"]
[PlyCount "50"]
[GameId "2160767908475131"]
[EventDate "2017.01.04"]
[EventType "swiss"]
[EventRounds "5"]
[EventCountry "CAN"]
[SourceTitle "EXT 2022"]
[Source "ChessBase"]
[SourceDate "2021.10.06"]
[SourceVersion "1"]
[SourceVersionDate "2021.10.06"]
[SourceQuality "1"]

1. d4 d5 2. c4 Nc6 3. Nc3 dxc4 4. Nf3 Nf6 5. e4 Bg4 6. Be3 e6 7. Bxc4 Bb4 8. Qd3 O-O 9. a3 Ba5 10. O-O Bxf3 11. gxf3 Bb6 12. Rad1 e5 13. d5 Nd4 14. Bg5 Qd6 15. Nb5 Nxb5 16. Bxb5 Nh5 17. Kh1 f5 18. exf5 Rf7 19. Qc2 Raf8 20. Bd3 h6 21. Be3 Qf6 22. Rg1 Nf4 23. Bxf4 exf4 24. Be4 Qd6 25. Rg2 Rf6 1/2-1/2

[Event "Montreal Mercredi 04"]
[Site "Montreal CAN"]
[Date "2017.02.01"]
[Round "5"]
[White "Langlois-Remillard, Alexis"]
[Black "Have, Didier"]
[Result "1-0"]
[WhiteElo "1956"]
[BlackElo "1964"]
[WhiteFideId "-1"]
[WhiteFideId "-1"]
[PlyCount "95"]
[GameId "2160767908475132"]
[EventDate "2017.01.04"]
[EventType "swiss"]
[EventRounds "5"]
[EventCountry "CAN"]
[SourceTitle "EXT 2022"]
[Source "ChessBase"]
[SourceDate "2021.10.06"]
[SourceVersion "1"]
[SourceVersionDate "2021.10.06"]
[SourceQuality "1"]

1. b3 d5 2. Bb2 Bf5 3. Nf3 e6 4. e3 Nf6 5. c4 Nbd7 6. Nc3 c6 7. Be2 Bd6 8. O-O Qe7 9. d4 h5 10. Re1 Ne4 11. Nxe4 dxe4 12. Ne5 Nxe5 13. dxe5 Bb4 14. Rf1 Rd8 15. Qc1 Qg5 16. Rd1 O-O 17. Qc2 h4 18. a3 Bc5 19. Bd4 Bxd4 20. Rxd4 Rxd4 21. exd4 e3 22. Qc1 Be4 23. f3 Bg6 24. Qc3 Rd8 25. Rd1 Qf4 26. b4 Bf5 27. a4 g5 28. b5 g4 29. d5 exd5 30. Rd4 Be4 31. cxd5 cxd5 32. Qc7 Re8 33. Qd7 Rxe5 34. Qd8+ Kg7 35. Qxh4 Re6 36. fxe4 Qe5 37. Rxd5 Qa1+ 38. Rd1 Qb2 39. Qxg4+ Rg6 40. Qf3 Qc3 41. Rd3 Qc1+ 42. Bd1 Qb2 43. Qe2 Qe5 44. Qxe3 Rh6 45. Qd4 Re6 46. Qxe5+ Rxe5 47. Bf3 Re7 48. Kf2 1-0

[Event "Montreal Mercredi 04"]
[Site "Montreal CAN"]
[Date "2017.02.01"]
[Round "5"]
[White "Lebeau, Gilbert"]
[Black "Boudreau, Daniel"]
[Result "1-0"]
[WhiteElo "2082"]
[BlackElo "2177"]
[WhiteFideId "-1"]
[WhiteFideId "-1"]
[PlyCount "105"]
[GameId "2160767908475133"]
[EventDate "2017.01.04"]
[EventType "swiss"]
[EventRounds "5"]
[EventCountry "CAN"]
[SourceTitle "EXT 2022"]
[Source "ChessBase"]
[SourceDate "2021.10.06"]
[SourceVersion "1"]
[SourceVersionDate "2021.10.06"]
[SourceQuality "1"]

1. d4 d5 2. c4 e6 3. Nc3 Bb4 4. a3 Bxc3+ 5. bxc3 Nf6 6. Nf3 O-O 7. e3 b6 8. cxd5 exd5 9. Bd3 Bg4 10. Qc2 Bxf3 11. gxf3 c5 12. dxc5 bxc5 13. Rg1 Re8 14. Bb2 Nc6 15. O-O-O Qb6 16. Rg3 c4 17. Bxh7+ Nxh7 18. Rdg1 Nf6 19. Rxg7+ Kf8 20. a4 Qb3 21. Qxb3 cxb3 22. f4 Rec8 23. c4 d4 24. Kb1 Rd8 25. f3 a5 26. e4 Ke7 27. e5 Ne8 28. Rh7 Rac8 29. Rg6 Kf8 30. Rg5 Ke7 31. Rf5 Ke6 32. Rfxf7 Rb8 33. Ba3 d3 34. Bb2 Nxe5 35. Re7+ Kf5 36. Rxe5+ Kg6 37. Rhe7 Rb6 38. Rg5+ Kh6 39. Re1 Nc7 40. Bg7+ Kh7 41. Bc3 Re6 42. Rg7+ Kh6 43. Reg1 Ne8 44. Rg8 Rd7 45. R1g3 Ng7 46. Bxg7+ Rxg7 47. Rh3+ Kg6 48. f5+ Kxf5 49. Rxg7 d2 50. Rd7 Re1+ 51. Kb2 d1=Q 52. Rxd1 Rxd1 53. Kxb3 1-0

[Event "Montreal Mercredi 04"]
[Site "Montreal CAN"]
[Date "2017.02.01"]
[Round "5"]
[White "Lessard, Sylvain"]
[Black "Autotte, Daniel"]
[Result "1/2-1/2"]
[WhiteElo "1709"]
[BlackElo "1785"]
[WhiteFideId "-1"]
[WhiteFideId "-1"]
[PlyCount "80"]
[GameId "2160767908475134"]
[EventDate "2017.01.04"]
[EventType "swiss"]
[EventRounds "5"]
[EventCountry "CAN"]
[SourceTitle "EXT 2022"]
[Source "ChessBase"]
[SourceDate "2021.10.06"]
[SourceVersion "1"]
[SourceVersionDate "2021.10.06"]
[SourceQuality "1"]

1. c4 c6 2. Nc3 d5 3. e3 Nf6 4. Nf3 e6 5. b3 a6 6. Bb2 b5 7. a3 Bd6 8. d4 Nbd7 9. c5 Bc7 10. b4 O-O 11. Bd3 e5 12. dxe5 Nxe5 13. Nxe5 Bxe5 14. Qc2 Re8 15. Ne2 Bxb2 16. Qxb2 Qc7 17. Qc2 g6 18. O-O-O Ng4 19. Ng3 a5 20. h3 Ne5 21. Kb2 Nc4+ 22. Bxc4 bxc4 23. Qc3 Rb8 24. Kc2 axb4 25. axb4 Bf5+ 26. Nxf5 gxf5 27. g4 f4 28. Rhe1 fxe3 29. Rxe3 Rxe3 30. Qxe3 Rxb4 31. Qg5+ Kf8 32. Re1 Rb8 33. Qf6 Kg8 34. Re7 Rb2+ 35. Kd1 Rb1+ 36. Ke2 Rb2+ 37. Kf3 Rb3+ 38. Kg2 Qxe7 39. Qxe7 c3 40. Qd8+ Kg7 1/2-1/2

[Event "Montreal Mercredi 04"]
[Site "Montreal CAN"]
[Date "2017.02.01"]
[Round "5"]
[White "Morin, Louis"]
[Black "Singher, Jean-Pierre"]
[Result "0-1"]
[WhiteElo "1905"]
[BlackElo "2025"]
[WhiteFideId "-1"]
[WhiteFideId "-1"]
[PlyCount "82"]
[GameId "2160767908475135"]
[EventDate "2017.01.04"]
[EventType "swiss"]
[EventRounds "5"]
[EventCountry "CAN"]
[SourceTitle "EXT 2022"]
[Source "ChessBase"]
[SourceDate "2021.10.06"]
[SourceVersion "1"]
[SourceVersionDate "2021.10.06"]
[SourceQuality "1"]

1. e4 c5 2. Nf3 Nc6 3. d4 cxd4 4. c3 d3 5. Qxd3 d6 6. Be2 Nf6 7. O-O g6 8. Rd1 Bg7 9. Na3 O-O 10. Be3 Be6 11. h3 d5 12. exd5 Nxd5 13. Qb5 Qa5 14. Qxb7 Nxe3 15. fxe3 Qc5 16. Nd4 Rab8 17. Qxc6 Bxd4 18. Qxc5 Bxc5 19. Nc4 Bxc4 20. Bxc4 Bxe3+ 21. Kh1 Rxb2 22. Rd7 e6 23. Bb3 Rd2 24. Rd1 Rxd1+ 25. Rxd1 Kg7 26. Rd3 Bb6 27. g3 Kf6 28. Kg2 Ke5 29. Kf3 Rc8 30. Ke2 Rc7 31. Kf3 f5 32. Ke2 g5 33. Kd2 f4 34. g4 Be3+ 35. Ke2 Ke4 36. Bc2 f3+ 37. Ke1 Kf4 38. Rd8 Rxc3 39. Rf8+ Kg3 40. Bd1 Bc5 41. Kf1 Bxf8 0-1

[Event "Montreal Mercredi 04"]
[Site "Montreal CAN"]
[Date "2017.02.01"]
[Round "5"]
[White "Nardone, Raul"]
[Black "Gates, Claude-Eric"]
[Result "1-0"]
[WhiteElo "1842"]
[BlackElo "1793"]
[WhiteFideId "-1"]
[WhiteFideId "-1"]
[PlyCount "43"]
[GameId "2160767908475136"]
[EventDate "2017.01.04"]
[EventType "swiss"]
[EventRounds "5"]
[EventCountry "CAN"]
[SourceTitle "EXT 2022"]
[Source "ChessBase"]
[SourceDate "2021.10.06"]
[SourceVersion "1"]
[SourceVersionDate "2021.10.06"]
[SourceQuality "1"]

1. d4 Nf6 2. c4 d6 3. Nc3 g6 4. Bg5 Bg7 5. e3 O-O 6. Bd3 Nbd7 7. Nf3 h6 8. Bh4 e5 9. O-O Re8 10. Qc2 g5 11. Bg3 Nh5 12. Bh7+ Kh8 13. Rad1 Ndf6 14. Bf5 e4 15. Bxc8 exf3 16. Bxb7 fxg2 17. Bxg2 Rb8 18. a3 Nd7 19. b4 Rf8 20. Qf5 Nxg3 21. hxg3 Nb6 22. Be4 1-0

[Event "Montreal Mercredi 05"]
[Site "Montreal CAN"]
[Date "2017.05.10"]
[Round "1"]
[White "Baran, Marius"]
[Black "O'Connor, Michael"]
[Result "1-0"]
[WhiteElo "1828"]
[BlackElo "1765"]
[WhiteFideId "-1"]
[WhiteFideId "-1"]
[PlyCount "87"]
[GameId "2160767908411486"]
[EventDate "2017.05.10"]
[EventType "swiss"]
[EventRounds "5"]
[EventCountry "CAN"]
[SourceTitle "EXT 2022"]
[Source "ChessBase"]
[SourceDate "2021.10.06"]
[SourceVersion "1"]
[SourceVersionDate "2021.10.06"]
[SourceQuality "1"]

1. e4 c5 2. Nf3 Nc6 3. d4 cxd4 4. Nxd4 Nf6 5. Nc3 e5 6. Nb3 Bb4 7. Bd3 d5 8. Bd2 O-O 9. f3 Bxc3 10. Bxc3 dxe4 11. Bxe4 Nxe4 12. Qxd8 Rxd8 13. fxe4 f5 14. O-O g6 15. Rae1 f4 16. Rd1 Bg4 17. Rd2 b5 18. Rd5 b4 19. Be1 a5 20. c3 Be2 21. Rf2 Bc4 22. Rxd8+ Rxd8 23. Rd2 Rxd2 24. Bxd2 a4 25. Nc5 bxc3 26. Bxc3 Bxa2 27. Nxa4 Kf7 28. Kf2 Nd4 29. Nc5 Bb1 30. Bxd4 exd4 31. e5 g5 32. Ke2 Ba2 33. Kd3 Bd5 34. Ne4 g4 35. Kxd4 Ba8 36. b4 h5 37. b5 h4 38. b6 f3 39. gxf3 g3 40. hxg3 h3 41. Ng5+ Kg6 42. Nxh3 Bxf3 43. Nf4+ Kf7 44. Nd5 1-0

[Event "Montreal Mercredi 05"]
[Site "Montreal CAN"]
[Date "2017.05.10"]
[Round "1"]
[White "Barko, Maxim"]
[Black "Millette, Sylvain"]
[Result "1-0"]
[WhiteElo "1831"]
[BlackElo "1741"]
[WhiteFideId "-1"]
[WhiteFideId "-1"]
[PlyCount "67"]
[GameId "2160767908411487"]
[EventDate "2017.05.10"]
[EventType "swiss"]
[EventRounds "5"]
[EventCountry "CAN"]
[SourceTitle "EXT 2022"]
[Source "ChessBase"]
[SourceDate "2021.10.06"]
[SourceVersion "1"]
[SourceVersionDate "2021.10.06"]
[SourceQuality "1"]

1. d4 Nf6 2. Nf3 g6 3. Nc3 d5 4. Bf4 c6 5. e3 Qa5 6. Bd3 Bg7 7. Ne5 Nbd7 8. a3 O-O 9. h4 Nxe5 10. Bxe5 Ne4 11. Bxe4 dxe4 12. b4 Qa6 13. Bxg7 Kxg7 14. Nxe4 Qc4 15. Qe2 Qxe2+ 16. Kxe2 Bf5 17. Nc5 b6 18. Nd3 Bxd3+ 19. Kxd3 f5 20. c4 Rad8 21. Kc3 Rd7 22. Rhd1 Rfd8 23. Rd2 e5 24. Rad1 e4 25. d5 cxd5 26. Rxd5 Rxd5 27. Rxd5 Rxd5 28. cxd5 Kf7 29. Kc4 a6 30. a4 Ke7 31. a5 bxa5 32. bxa5 Kd6 33. Kd4 h6 34. g3 1-0

[Event "Montreal Mercredi 05"]
[Site "Montreal CAN"]
[Date "2017.05.10"]
[Round "1"]
[White "Gelet, Seymour"]
[Black "Jacquet, Stephane"]
[Result "1/2-1/2"]
[WhiteElo "2110"]
[BlackElo "2032"]
[WhiteFideId "-1"]
[WhiteFideId "-1"]
[PlyCount "67"]
[GameId "2160767908411490"]
[EventDate "2017.05.10"]
[EventType "swiss"]
[EventRounds "5"]
[EventCountry "CAN"]
[SourceTitle "EXT 2022"]
[Source "ChessBase"]
[SourceDate "2021.10.06"]
[SourceVersion "1"]
[SourceVersionDate "2021.10.06"]
[SourceQuality "1"]

1. d4 d6 2. Nf3 g6 3. c4 Bg7 4. Nc3 Nf6 5. e4 O-O 6. Be2 e5 7. dxe5 dxe5 8. Qxd8 Rxd8 9. Bg5 Re8 10. O-O-O c6 11. Nxe5 Rxe5 12. Rd8+ Re8 13. Bxf6 Rxd8 14. Bxd8 Be6 15. Rd1 Nd7 16. Bc7 Ne5 17. c5 Ng4 18. Bxg4 Bxg4 19. f3 Be6 20. Kc2 a5 21. Na4 f5 22. Rd8+ Rxd8 23. Bxd8 Be5 24. g3 f4 25. gxf4 Bxf4 26. h4 Bc4 27. Bg5 Be5 28. b3 Be2 29. f4 Bd4 30. Kd2 Bb5 31. Bd8 Bxa4 32. bxa4 Bxc5 33. Kd3 b6 34. e5 1/2-1/2

[Event "Montreal Mercredi 05"]
[Site "Montreal CAN"]
[Date "2017.05.10"]
[Round "1"]
[White "Guipi Bopala, Prince Eric jr"]
[Black "Gauthier, Luc"]
[Result "1-0"]
[WhiteElo "1822"]
[BlackElo "1772"]
[WhiteFideId "-1"]
[WhiteFideId "-1"]
[PlyCount "37"]
[GameId "2160767908411491"]
[EventDate "2017.05.10"]
[EventType "swiss"]
[EventRounds "5"]
[EventCountry "CAN"]
[SourceTitle "EXT 2022"]
[Source "ChessBase"]
[SourceDate "2021.10.06"]
[SourceVersion "1"]
[SourceVersionDate "2021.10.06"]
[SourceQuality "1"]

1. d4 f5 2. Bf4 Nf6 3. e3 e6 4. Be2 Be7 5. Bh5+ Kf8 6. Be2 d5 7. Nf3 c6 8. Nbd2 Bd6 9. Ne5 Qe7 10. g4 Bxe5 11. dxe5 Ne4 12. Nxe4 fxe4 13. Qd2 b6 14. O-O-O Ba6 15. Rhf1 c5 16. f3 Bxe2 17. Qxe2 c4 18. fxe4 c3 19. Bg5+ 1-0

[Event "Montreal Mercredi 05"]
[Site "Montreal CAN"]
[Date "2017.05.10"]
[Round "1"]
[White "Have, Didier"]
[Black "Beaulieu, Pierre"]
[Result "1-0"]
[WhiteElo "1971"]
[BlackElo "1902"]
[WhiteFideId "-1"]
[WhiteFideId "-1"]
[PlyCount "99"]
[GameId "2160767908411492"]
[EventDate "2017.05.10"]
[EventType "swiss"]
[EventRounds "5"]
[EventCountry "CAN"]
[SourceTitle "EXT 2022"]
[Source "ChessBase"]
[SourceDate "2021.10.06"]
[SourceVersion "1"]
[SourceVersionDate "2021.10.06"]
[SourceQuality "1"]

1. d4 b6 2. Bf4 Bb7 3. e3 Nf6 4. Nd2 g6 5. Ngf3 Bg7 6. Bd3 d6 7. e4 Nbd7 8. Qe2 Nh5 9. Bg5 h6 10. Be3 e5 11. c3 O-O 12. g3 d5 13. dxe5 dxe4 14. Bxe4 Bxe4 15. Nxe4 Nxe5 16. Nxe5 Qd5 17. Qd3 Qxe5 18. O-O-O Rfe8 19. Nd2 Rad8 20. Qc4 c5 21. Rhe1 Qe6 22. Qxe6 Rxe6 23. Nc4 Rxd1+ 24. Rxd1 Nf6 25. Bf4 Ng4 26. Rd8+ Kh7 27. Rd7 Nxf2 28. Rxf7 Nd3+ 29. Kd2 Nxf4 30. gxf4 Re4 31. Kd3 Re1 32. Rxa7 b5 33. Ne3 c4+ 34. Kd2 Rb1 35. Nd1 Kg8 36. Rb7 g5 37. fxg5 hxg5 38. Rxb5 Kf7 39. Rc5 Kg6 40. Rxc4 Be5 41. Kc2 Ra1 42. a3 Bf4 43. Rd4 Bxh2 44. c4 Bf4 45. Nc3 Rc1+ 46. Kd3 Be5 47. Rd5 Kf5 48. Kd2 Rh1 49. Ne2 g4 50. Ng3+ 1-0

[Event "Montreal Mercredi 05"]
[Site "Montreal CAN"]
[Date "2017.05.10"]
[Round "1"]
[White "Huang, Qiuyu"]
[Black "Boudreau, Daniel"]
[Result "1-0"]
[WhiteElo "2168"]
[BlackElo "2087"]
[WhiteFideId "-1"]
[WhiteFideId "-1"]
[PlyCount "69"]
[GameId "2160767908411493"]
[EventDate "2017.05.10"]
[EventType "swiss"]
[EventRounds "5"]
[EventCountry "CAN"]
[SourceTitle "EXT 2022"]
[Source "ChessBase"]
[SourceDate "2021.10.06"]
[SourceVersion "1"]
[SourceVersionDate "2021.10.06"]
[SourceQuality "1"]

1. e4 c5 2. Nf3 e6 3. d4 cxd4 4. Nxd4 Nc6 5. Nxc6 bxc6 6. Bd3 Qc7 7. O-O Nf6 8. Re1 Bd6 9. h3 O-O 10. Nd2 Bf4 11. Nf3 Bxc1 12. Rxc1 e5 13. c4 c5 14. Qd2 Rb8 15. b3 d6 16. Bb1 Be6 17. Nh4 a5 18. Nf5 Bxf5 19. exf5 Rfd8 20. Qe3 Ra8 21. Bc2 Ra6 22. Bd1 Qc8 23. g4 h6 24. h4 Nh7 25. Bc2 Nf6 26. g5 hxg5 27. hxg5 Nh5 28. Qh3 Nf4 29. Qh4 Qc6 30. Be4 Qd7 31. g6 fxg6 32. fxg6 Ne6 33. Bf5 Re8 34. Rc3 Qe7 35. Qh7+ 1-0

[Event "Montreal Mercredi 05"]
[Site "Montreal CAN"]
[Date "2017.05.10"]
[Round "1"]
[White "Leveille, Francois"]
[Black "Lopez Linares, Lizandro"]
[Result "1/2-1/2"]
[WhiteElo "2305"]
[BlackElo "2214"]
[WhiteFideId "-1"]
[WhiteFideId "-1"]
[PlyCount "89"]
[GameId "2160767908411494"]
[EventDate "2017.05.10"]
[EventType "swiss"]
[EventRounds "5"]
[EventCountry "CAN"]
[SourceTitle "EXT 2022"]
[Source "ChessBase"]
[SourceDate "2021.10.06"]
[SourceVersion "1"]
[SourceVersionDate "2021.10.06"]
[SourceQuality "1"]

1. Nf3 d5 2. g3 Nf6 3. Bg2 Bf5 4. O-O h6 5. c4 c6 6. b3 Nbd7 7. Bb2 e6 8. d3 a5 9. Nbd2 Qb6 10. cxd5 cxd5 11. e4 dxe4 12. dxe4 Bh7 13. Rc1 Bc5 14. Nc4 Qa6 15. Nfe5 Rd8 16. Qe2 O-O 17. Nxd7 Nxd7 18. Qg4 Bg6 19. h4 h5 20. Qg5 Rfe8 21. Rfd1 Qa7 22. Nd6 Bxf2+ 23. Kh2 Be3 24. Qb5 Bxc1 25. Bd4 Qb8 26. Nxe8 Bh6 27. Nxg7 Bxg7 28. Bxg7 Nf6 29. Bxf6 Rxd1 30. Qg5 Kh7 31. Bf3 Qd6 32. Bxd1 Qxd1 33. Be5 Qe2+ 34. Kg1 Qe1+ 35. Kh2 Qxe4 36. g4 Qe2+ 37. Kg3 Qe1+ 38. Kh3 Qh1+ 39. Kg3 Qg1+ 40. Kf3 Qd1+ 41. Ke3 Qd3+ 42. Kf2 Qc2+ 43. Ke3 Qc1+ 44. Kf3 Qxg5 45. hxg5 1/2-1/2

[Event "Montreal Mercredi 05"]
[Site "Montreal CAN"]
[Date "2017.05.10"]
[Round "1"]
[White "Singher, Jean-Pierre"]
[Black "Gates, Claude-Eric"]
[Result "1-0"]
[WhiteElo "2001"]
[BlackElo "1857"]
[WhiteFideId "-1"]
[WhiteFideId "-1"]
[PlyCount "111"]
[GameId "2160767908411496"]
[EventDate "2017.05.10"]
[EventType "swiss"]
[EventRounds "5"]
[EventCountry "CAN"]
[SourceTitle "EXT 2022"]
[Source "ChessBase"]
[SourceDate "2021.10.06"]
[SourceVersion "1"]
[SourceVersionDate "2021.10.06"]
[SourceQuality "1"]

1. d4 Nf6 2. Nf3 d5 3. c4 e6 4. Nc3 Be7 5. g3 O-O 6. Bg2 Nbd7 7. O-O c6 8. Nd2 e5 9. dxe5 Nxe5 10. cxd5 cxd5 11. Nb3 Bg4 12. h3 Be6 13. f4 Qb6+ 14. Qd4 Qxd4+ 15. Nxd4 Bc5 16. e3 Nc6 17. Nxc6 bxc6 18. Na4 Bd6 19. b3 Rfe8 20. Bb2 Be7 21. Rac1 Rac8 22. Bd4 Ba3 23. Rcd1 c5 24. Bxf6 gxf6 25. f5 Bd7 26. Nc3 d4 27. Ne4 Rc6 28. exd4 cxd4 29. Rxd4 Bc8 30. Kh2 Bb2 31. Rd2 Be5 32. b4 Rb6 33. a3 Bb7 34. Nc5 Bxg2 35. Kxg2 Rd6 36. Rfd1 Rxd2+ 37. Rxd2 Re7 38. Rd7 Kf8 39. Rd8+ Kg7 40. Rd7 Kf8 41. Kf3 Bb2 42. Rxe7 Kxe7 43. a4 Bc3 44. b5 Bb4 45. Na6 Bc3 46. Ke4 Kd6 47. Nb8 Be1 48. g4 Bc3 49. Nc6 a6 50. Nd4 Kc5 51. bxa6 Kb6 52. a7 Kb7 53. Nb5 Be1 54. Kd5 Bf2 55. Kd6 Bb6 56. Ke7 1-0

[Event "Montreal Mercredi 05"]
[Site "Montreal CAN"]
[Date "2017.05.10"]
[Round "1"]
[White "Zheng, Richard"]
[Black "Zhong, Kevin"]
[Result "1/2-1/2"]
[WhiteElo "1923"]
[BlackElo "1905"]
[WhiteFideId "-1"]
[WhiteFideId "-1"]
[PlyCount "67"]
[GameId "2160767908411497"]
[EventDate "2017.05.10"]
[EventType "swiss"]
[EventRounds "5"]
[EventCountry "CAN"]
[SourceTitle "EXT 2022"]
[Source "ChessBase"]
[SourceDate "2021.10.06"]
[SourceVersion "1"]
[SourceVersionDate "2021.10.06"]
[SourceQuality "1"]

1. e4 c5 2. Nf3 Nc6 3. d4 cxd4 4. Nxd4 g6 5. Nc3 Bg7 6. Be3 Nf6 7. Nxc6 bxc6 8. e5 Ng8 9. f4 Nh6 10. Bd3 d6 11. exd6 exd6 12. O-O O-O 13. h3 Nf5 14. Bxf5 Bxf5 15. g4 Be6 16. Bd4 Qh4 17. Kg2 Qe7 18. Bxg7 Kxg7 19. f5 Bd5+ 20. Nxd5 Qe4+ 21. Qf3 cxd5 22. Qxe4 dxe4 23. Rad1 Rad8 24. f6+ Kg8 25. Kf2 d5 26. Ke3 Rd6 27. c4 Ra6 28. cxd5 Rxa2 29. Ra1 Rxb2 30. Rxa7 Rd8 31. Kxe4 Re2+ 32. Kf4 Rd2 33. Re1 R2xd5 34. Ree7 1/2-1/2

[Event "Montreal Mercredi 05"]
[Site "Montreal CAN"]
[Date "2017.05.17"]
[Round "2"]
[White "Beaulieu, Pierre"]
[Black "Zheng, Richard"]
[Result "0-1"]
[WhiteElo "1902"]
[BlackElo "1923"]
[WhiteFideId "-1"]
[WhiteFideId "-1"]
[PlyCount "108"]
[GameId "2160767908411498"]
[EventDate "2017.05.10"]
[EventType "swiss"]
[EventRounds "5"]
[EventCountry "CAN"]
[SourceTitle "EXT 2022"]
[Source "ChessBase"]
[SourceDate "2021.10.06"]
[SourceVersion "1"]
[SourceVersionDate "2021.10.06"]
[SourceQuality "1"]

1. b3 e5 2. Bb2 Nc6 3. e3 Nf6 4. Ne2 d5 5. Ng3 Bd6 6. Bb5 O-O 7. Nh5 Nxh5 8. Qxh5 f6 9. a3 Be6 10. Nc3 Bf7 11. Qf3 Ne7 12. h4 c6 13. Be2 Qd7 14. g4 f5 15. gxf5 Qxf5 16. d3 Qxf3 17. Bxf3 Be6 18. Be2 Rf7 19. Nd1 Raf8 20. c4 Nf5 21. Rc1 Nh6 22. Rg1 Nf5 23. Bh5 Rf6 24. Rh1 d4 25. e4 Nh6 26. Rc2 Ng4 27. Bc1 g6 28. Bxg4 Bxg4 29. c5 Bxd1 30. Kxd1 Bc7 31. Bh6 R8f7 32. Ke1 Rf3 33. Rd2 Bd8 34. Kf1 Rg3 35. Ke1 Rg4 36. Kf1 Rxh4 37. Rxh4 Bxh4 38. f4 g5 39. Rg2 Rxf4+ 40. Ke2 Rf6 41. Rxg5+ Bxg5 42. Bxg5 Rf7 43. Bh4 Kg7 44. b4 h5 45. Bd8 Kg6 46. a4 a6 47. Bh4 Rf4 48. Bg3 Kg5 49. Bh2 Kg4 50. Ke1 h4 51. Ke2 h3 52. Ke1 Kf3 53. Bxf4 Kxf4 54. Kf2 Kg4 0-1

[Event "Montreal Mercredi 05"]
[Site "Montreal CAN"]
[Date "2017.05.17"]
[Round "2"]
[White "Gates, Claude-Eric"]
[Black "Zhong, Kevin"]
[Result "0-1"]
[WhiteElo "1857"]
[BlackElo "1905"]
[WhiteFideId "-1"]
[WhiteFideId "-1"]
[PlyCount "88"]
[GameId "2160767908411499"]
[EventDate "2017.05.10"]
[EventType "swiss"]
[EventRounds "5"]
[EventCountry "CAN"]
[SourceTitle "EXT 2022"]
[Source "ChessBase"]
[SourceDate "2021.10.06"]
[SourceVersion "1"]
[SourceVersionDate "2021.10.06"]
[SourceQuality "1"]

1. e4 d6 2. d4 g6 3. Be3 Bg7 4. Nc3 a6 5. Nf3 e6 6. Qd2 h6 7. Be2 Ne7 8. h4 Nd7 9. O-O-O b5 10. h5 g5 11. Nxg5 hxg5 12. Bxg5 Bb7 13. Qf4 Rf8 14. h6 Bh8 15. Bh5 Ng6 16. Bxg6 fxg6 17. Qg4 Bf6 18. Be3 Qe7 19. h7 O-O-O 20. Bh6 Rh8 21. Qxg6 Qxh7 22. Qg4 Qe7 23. Be3 Kb8 24. Rhg1 Nb6 25. b3 Rh4 26. Qe2 b4 27. g3 Rhh8 28. Nb1 Bxe4 29. Qxa6 Bb7 30. Qb5 Nd5 31. Rge1 Qd7 32. Qa5 Qc6 33. Bd2 Bxd4 34. Rxe6 Nc3 35. Rf1 Bb6 36. Qg5 Nxa2+ 37. Kd1 Qf3+ 38. Re2 Rde8 39. Rfe1 Ba6 40. Be3 Bxe3 41. fxe3 Rh2 42. c4 bxc3 43. Qg6 Bxe2+ 44. Kc2 Bd1+ 0-1

[Event "Montreal Mercredi 05"]
[Site "Montreal CAN"]
[Date "2017.05.17"]
[Round "2"]
[White "Gauthier, Luc"]
[Black "Baran, Marius"]
[Result "1/2-1/2"]
[WhiteElo "1772"]
[BlackElo "1828"]
[WhiteFideId "-1"]
[WhiteFideId "-1"]
[PlyCount "88"]
[GameId "2160767908411500"]
[EventDate "2017.05.10"]
[EventType "swiss"]
[EventRounds "5"]
[EventCountry "CAN"]
[SourceTitle "EXT 2022"]
[Source "ChessBase"]
[SourceDate "2021.10.06"]
[SourceVersion "1"]
[SourceVersionDate "2021.10.06"]
[SourceQuality "1"]

1. e4 c5 2. Nc3 g6 3. f4 e6 4. Nf3 Nc6 5. g3 Bg7 6. Bg2 Nge7 7. d3 d6 8. O-O O-O 9. Be3 Nd4 10. Qd2 Rb8 11. Nd1 b5 12. c3 Nxf3+ 13. Bxf3 Bb7 14. g4 f5 15. g5 Qc7 16. Qg2 d5 17. e5 d4 18. Bxb7 Qxb7 19. cxd4 cxd4 20. Bxd4 Rfd8 21. Qf2 Nc6 22. Bc5 Rxd3 23. Qe2 Rd7 24. Bd6 Rc8 25. Qf3 Nd4 26. Qxb7 Rxb7 27. Ne3 Rb6 28. Rf2 Rbc6 29. Kg2 Nc2 30. Nxc2 Rxc2 31. Raf1 R2c4 32. Rd2 Bf8 33. Bxf8 Kxf8 34. Kf3 Ke7 35. Rfd1 R8c7 36. Re1 a5 37. Red1 a4 38. Rd8 Rc2 39. R8d2 b4 40. Ke3 R2c4 41. Rd4 b3 42. axb3 axb3 43. Rxc4 Rxc4 44. Rd4 Rc2 1/2-1/2